| 000 | 00658cam a2200181 4500500 | ||
|---|---|---|---|
| 005 | 20260111080304.0 | ||
| 041 | _afre | ||
| 042 | _adc | ||
| 100 | 1 | 0 |
_aRigodanzo, Christine _eauthor |
| 245 | 0 | 0 | _aLutte contre la fraude au détachement de salariés : de nouvelles dispositions européennes |
| 260 | _c2019. | ||
| 500 | _a88 | ||
| 690 | _afinances sociales | ||
| 690 | _alutte contre la fraude | ||
| 690 | _atravailleurs détachés | ||
| 786 | 0 | _nGestion & Finances Publiques | 1 | 1 | 2019-01-01 | p. 56-62 | 1969-1009 | |
| 856 | 4 | 1 | _uhttps://droit.cairn.info/revue-gestion-et-finances-publiques-2019-1-page-56?lang=fr&redirect-ssocas=7080 |
| 999 |
_c1616125 _d1616125 |
||